<?xml version="1.0" encoding="UTF-8"?><marc:collection xmlns:marc="http://www.loc.gov/MARC21/slim">
  <marc:record>
    <marc:leader>00000nam  2200000za 4500</marc:leader>
    <marc:controlfield tag="001">9.643370</marc:controlfield>
    <marc:controlfield tag="003">CaOODSP</marc:controlfield>
    <marc:controlfield tag="005">20221107134348</marc:controlfield>
    <marc:controlfield tag="007">cr |||||||||||</marc:controlfield>
    <marc:controlfield tag="008">150407s1959||||xxca||||o    f000 0 fre d</marc:controlfield>
    <marc:datafield tag="040" ind1=" " ind2=" ">
      <marc:subfield code="a">CaOODSP</marc:subfield>
      <marc:subfield code="b">fre</marc:subfield>
    </marc:datafield>
    <marc:datafield tag="043" ind1=" " ind2=" ">
      <marc:subfield code="a">n-cn---</marc:subfield>
    </marc:datafield>
    <marc:datafield tag="086" ind1="1" ind2=" ">
      <marc:subfield code="a">A43-1007/1959F-PDF</marc:subfield>
      <marc:subfield code="z">A43-1007F</marc:subfield>
    </marc:datafield>
    <marc:datafield tag="100" ind1="1" ind2=" ">
      <marc:subfield code="a">Andison, Harry.</marc:subfield>
    </marc:datafield>
    <marc:datafield tag="245" ind1="1" ind2="0">
      <marc:subfield code="a">Pulvérisateur de fabrication domestique actionné par la prise de force du tracteur  </marc:subfield>
      <marc:subfield code="h">[ressource électronique] / </marc:subfield>
      <marc:subfield code="c">par H. Andison. </marc:subfield>
    </marc:datafield>
    <marc:datafield tag="260" ind1=" " ind2=" ">
      <marc:subfield code="a">Ottawa : </marc:subfield>
      <marc:subfield code="b">Ministère de l'agriculture du Canada :  </marc:subfield>
      <marc:subfield code="b">Services des sciences, Division de l'entomologie, </marc:subfield>
      <marc:subfield code="c">1959.</marc:subfield>
    </marc:datafield>
    <marc:datafield tag="300" ind1=" " ind2=" ">
      <marc:subfield code="a">10 p. : </marc:subfield>
      <marc:subfield code="b">ill. </marc:subfield>
    </marc:datafield>
    <marc:datafield tag="500" ind1=" " ind2=" ">
      <marc:subfield code="a">« Janvier 1959 ». </marc:subfield>
    </marc:datafield>
    <marc:datafield tag="500" ind1=" " ind2=" ">
      <marc:subfield code="a">« Revision de la publication n° 119 de la série de publications polycopiées de la Division de l'entomologie.»--p. 2.</marc:subfield>
    </marc:datafield>
    <marc:datafield tag="500" ind1=" " ind2=" ">
      <marc:subfield code="a">Publié aussi en anglais sous le titre : A home-made sprayer for attachment to a tractor power take-off. </marc:subfield>
    </marc:datafield>
    <marc:datafield tag="500" ind1=" " ind2=" ">
      <marc:subfield code="a">Publication historique numérisée par Agriculture et Agroalimentaire Canada. </marc:subfield>
    </marc:datafield>
    <marc:datafield tag="590" ind1=" " ind2=" ">
      <marc:subfield code="a">14-11-Supp</marc:subfield>
      <marc:subfield code="b">2014-05-21</marc:subfield>
    </marc:datafield>
    <marc:datafield tag="691" ind1="0" ind2="7">
      <marc:subfield code="a">Cultures</marc:subfield>
      <marc:subfield code="2">gcpds</marc:subfield>
    </marc:datafield>
    <marc:datafield tag="691" ind1="0" ind2="7">
      <marc:subfield code="a">Pesticide</marc:subfield>
      <marc:subfield code="2">gcpds</marc:subfield>
    </marc:datafield>
    <marc:datafield tag="691" ind1="0" ind2="7">
      <marc:subfield code="a">Technologie agricole</marc:subfield>
      <marc:subfield code="2">gcpds</marc:subfield>
    </marc:datafield>
    <marc:datafield tag="710" ind1="1" ind2=" ">
      <marc:subfield code="a">Canada. </marc:subfield>
      <marc:subfield code="b">Ministère de l'agriculture.</marc:subfield>
    </marc:datafield>
    <marc:datafield tag="710" ind1="1" ind2=" ">
      <marc:subfield code="a">Canada. </marc:subfield>
      <marc:subfield code="b">Division de l'entomologie.</marc:subfield>
    </marc:datafield>
    <marc:datafield tag="775" ind1="0" ind2="8">
      <marc:subfield code="t">A home-made sprayer for attachment to a tractor power take-off / </marc:subfield>
      <marc:subfield code="w">(CaOODSP)9.699380</marc:subfield>
    </marc:datafield>
    <marc:datafield tag="856" ind1="4" ind2="0">
      <marc:subfield code="a">http://publications.gc.ca</marc:subfield>
      <marc:subfield code="q">PDF</marc:subfield>
      <marc:subfield code="s">738 Ko</marc:subfield>
      <marc:subfield code="u">https://publications.gc.ca/collections/collection_2014/aac-aafc/agrhist/A43-1007-1959-fra.pdf</marc:subfield>
    </marc:datafield>
    <marc:datafield tag="986" ind1=" " ind2=" ">
      <marc:subfield code="a">Publication 1007</marc:subfield>
    </marc:datafield>
  </marc:record>
</marc:collection>
